|
|
|
|
| LEADER |
02147nam a2200457 i 4500 |
| 001 |
nkc20213322763 |
| 003 |
CZ PrNK |
| 005 |
20210625095438.0 |
| 007 |
ta |
| 008 |
210504s2021 xr g 000 f cze |
| 015 |
|
|
|a cnb003322763
|
| 020 |
|
|
|a 978-80-271-1266-1
|q (brožováno) :
|c Kč 379,00
|
| 035 |
|
|
|a (OCoLC)1260123057
|
| 040 |
|
|
|a ABG001
|b cze
|d ABA001
|e rda
|
| 041 |
1 |
|
|a cze
|h ger
|
| 072 |
|
7 |
|a 821.112.2-3
|x Německá próza, německy psaná
|2 Konspekt
|9 25
|
| 080 |
|
|
|a 821.112.2-31
|2 MRF
|
| 080 |
|
|
|a (0:82-31)-055.2
|2 MRF
|
| 100 |
1 |
|
|a Mai, Pauline,
|d 1987-
|7 xx0260206
|4 aut
|
| 240 |
1 |
0 |
|a Glück ist lavendelblau.
|l Česky
|
| 245 |
1 |
0 |
|a Štěstí má barvu levandule /
|c Pauline Maiová ; přeložila Kateřina Prešlová
|
| 250 |
|
|
|a První vydání
|
| 264 |
|
1 |
|a Praha :
|b Cosmopolis,
|c 2021
|
| 300 |
|
|
|a 358 stran ;
|c 21 cm
|
| 336 |
|
|
|a text
|b txt
|2 rdacontent
|
| 337 |
|
|
|a bez média
|b n
|2 rdamedia
|
| 338 |
|
|
|a svazek
|b nc
|2 rdacarrier
|
| 500 |
|
|
|a Přeloženo z němčiny
|
| 520 |
2 |
|
|a Romantický příběh ze slunné Provence. Po nevydařeném vztahu se Penelope snaží najít novou lásku.
|b Majitelka penzionu v Provence, stará, ale vitální dáma, měla nehodu. Její vnučka Penelope urychleně odjíždí z Berlína, aby se o postarala o babiččin penzion. Penelope za sebou nechává nevydařený vztah s nespolehlivým partnerem a naštvaného šéfa, který jí následně dá výpověď. V penzionu však již čekají hosté a je potřeba se o ně postarat. Penelope udržuje penzion v chodu, pečuje o hosty, peče vynikající dezerty a její život pomalu dostává řád a smysl.
|
| 655 |
|
7 |
|a německé romány
|7 fd132945
|2 czenas
|
| 655 |
|
7 |
|a romány pro ženy
|7 fd187897
|2 czenas
|
| 655 |
|
9 |
|a German fiction
|2 eczenas
|
| 655 |
|
9 |
|a women's novels
|2 eczenas
|
| 700 |
1 |
|
|a Prešlová, Kateřina,
|d 1975-
|7 xx0204840
|4 trl
|
| 910 |
2 |
|
|a BOA001
|b 2-1465.284
|
| 920 |
|
|
|a 4593099
|z ABG001
|
| 928 |
9 |
|
|a Grada Publishing - Cosmopolis
|
| 990 |
|
|
|a BK
|
| 995 |
|
|
|a 01
|
| 991 |
|
|
|b 202106
|c NOV
|
| 996 |
6 |
|
|b 2610865929
|c 2-1465.284
|l MZK
|r Sklad / do 1 hodiny
|n 3
|p p.v.
|w 001852545
|u 000010
|a 1
|e BOA001
|j MZK50
|s P
|